Vector Mechanics for Engineers: (Record no. 594881)
[ view plain ]
| 000 -LEADER | |
|---|---|
| fixed length control field | 00576nam a22001577a 4500 |
| 020 ## - INTERNATIONAL STANDARD BOOK NUMBER | |
| International Standard Book Number | 9781259062919 |
| 040 ## - CATALOGING SOURCE | |
| Transcribing agency | NUST |
| 082 ## - DEWEY DECIMAL CLASSIFICATION NUMBER | |
| Classification number | 620.105 BEE |
| 100 ## - MAIN ENTRY--PERSONAL NAME | |
| Personal name | Beer, Ferdinand P. |
| 110 ## - MAIN ENTRY--CORPORATE NAME | |
| Corporate name or jurisdiction name as entry element | Johnston, E. Russell. Mazurek, David F. Cornwell, Phillip J. Sanghi, Sanjeev. Self, Brian P. |
| 9 (RLIN) | 112886 |
| 245 ## - TITLE STATEMENT | |
| Title | Vector Mechanics for Engineers: |
| Remainder of title | Statics and Dynamics |
| 250 ## - EDITION STATEMENT | |
| Edition statement | 10th Edition |
| Remainder of edition statement | Si Units |
| 260 ## - PUBLICATION, DISTRIBUTION, ETC. | |
| Place of publication, distribution, etc. | New Dehli: |
| Name of publisher, distributor, etc. | McGraw Hill Education, |
| Date of publication, distribution, etc. | 2015. |
| 650 ## - SUBJECT ADDED ENTRY--TOPICAL TERM | |
| Topical term or geographic name entry element | TEXTBOOKS-MTS. VECTOR MECHANICS FOR ENGINEERS STATICS AND DYNAMICS |
| 9 (RLIN) | 112952 |
| 942 ## - ADDED ENTRY ELEMENTS (KOHA) | |
| Source of classification or shelving scheme | |
| Koha item type | Text Books |
| Withdrawn status | Lost status | Source of classification or shelving scheme | Damaged status | Not for loan | Permanent Location | Current Location | Shelving location | Date acquired | Full call number | Barcode | Date last seen | Price effective from | Koha item type |
|---|---|---|---|---|---|---|---|---|---|---|---|---|---|
| College of Electrical & Mechanical Engineering (CEME) | College of Electrical & Mechanical Engineering (CEME) | Text Books | 05/31/2023 | 620.105 BEE | CEME-48735 | 05/31/2023 | 05/31/2023 | Reference | |||||
| College of Electrical & Mechanical Engineering (CEME) | College of Electrical & Mechanical Engineering (CEME) | Text Books | 05/31/2023 | 620.105 BEE | CEME-48736 | 05/31/2023 | 05/31/2023 | Reference | |||||
| College of Electrical & Mechanical Engineering (CEME) | College of Electrical & Mechanical Engineering (CEME) | Text Books | 05/31/2023 | 620.105 BEE | CEME-48737 | 05/31/2023 | 05/31/2023 | Reference | |||||
| College of Electrical & Mechanical Engineering (CEME) | College of Electrical & Mechanical Engineering (CEME) | Text Books | 05/31/2023 | 620.105 BEE | CEME-48738 | 05/31/2023 | 05/31/2023 | Reference |
